[Event "Pere Noel"]
[Site "Montreal CAN"]
[Date "2023.12.29"]
[Round "3.2"]
[White "Zheng, Richard"]
[Black "Sambuev, Bator"]
[Result "1/2-1/2"]
[WhiteElo "2263"]
[BlackElo "2573"]
[PlyCount "112"]
[EventDate "2023.12.27"]
[EventType "swiss"]
[EventRounds "5"]
[EventCountry "CAN"]

1. d4 e6 2. Nf3 Nf6 3. e3 b6 4. b3 Bb7 5. Bb2 c5 6. Nbd2 Be7 7. Bd3 cxd4 8.
Nxd4 O-O 9. O-O d5 10. c4 Nc6 11. N2f3 Rc8 12. Nxc6 Rxc6 13. Ne5 Rc7 14. Qe2
Qa8 15. f3 Rfc8 16. Rfd1 a5 17. Qf2 Qa7 18. Qh4 h6 19. Ng4 Nxg4 20. Qxg4 Bf8
21. cxd5 Bxd5 22. Be5 Rd7 23. Bb5 Bc6 24. Bxc6 Rxc6 25. Rdc1 Qb7 26. Bd4 Rd5
27. f4 g6 28. Qe2 Ba3 29. Rxc6 Qxc6 30. Rd1 Qd6 31. Qa6 Bc5 32. Qc8+ Qf8 33.
Qxf8+ Kxf8 34. Bxc5+ Rxc5 35. Rd2 Ke7 36. Kf2 f5 37. Kf3 g5 38. g4 Rc3 39. gxf5
exf5 40. fxg5 hxg5 41. Rd5 Kf6 42. Rb5 Rc6 43. h3 Kg6 44. a4 Rd6 45. b4 axb4
46. Rxb4 Kh5 47. Rb5 Rf6 48. Kg3 Re6 49. Rxf5 Rxe3+ 50. Rf3 Re4 51. Rb3 Rxa4
52. Rxb6 Ra3+ 53. Kg2 Ra2+ 54. Kg3 Ra3+ 55. Kg2 Ra2+ 56. Kg3 Ra3+ 1/2-1/2

[Event "Pere Noel"]
[Site "Montreal CAN"]
[Date "2023.12.29"]
[Round "3.3"]
[White "Druska, Juraj"]
[Black "Lin, Leo"]
[Result "1-0"]
[WhiteElo "2417"]
[BlackElo "2236"]
[PlyCount "127"]
[EventDate "2023.12.27"]
[EventType "swiss"]
[EventRounds "5"]
[EventCountry "CAN"]

1. e4 c5 2. Nf3 d6 3. d4 cxd4 4. Nxd4 Nf6 5. Nc3 Nc6 6. Bb5 Bd7 7. Be3 e5 8.
Nb3 Be7 9. f3 Be6 10. Nd5 O-O 11. Qd2 Bxd5 12. exd5 Nb8 13. O-O Nbd7 14. Be2 a5
15. a4 Nb6 16. c4 Nbd7 17. Rae1 b6 18. Nc1 Nc5 19. Bd1 Nfd7 20. Ne2 f5 21. g3
Bf6 22. Bc2 g6 23. Kg2 Re8 24. Nc3 Na6 25. Nb5 Ndc5 26. Re2 Nb4 27. b3 Qd7 28.
Rfe1 Re7 29. Bh6 Rae8 30. h4 f4 31. Nc3 fxg3 32. Ne4 Nxe4 33. Bxe4 Bxh4 34. Rh1
Bf6 35. Be3 Rb8 36. Kxg3 Na6 37. Reh2 Nc5 38. Qc2 Nxe4+ 39. Qxe4 Rf7 40. Bh6
Qe7 41. Qg4 Re8 42. Be3 Rb8 43. Kf2 e4 44. f4 Rbf8 45. Ke2 Bh8 46. Qxg6+ Rg7
47. Rxh7 Rxg6 48. Rxe7 Bg7 49. Rh2 Bh6 50. Rxe4 Bg7 51. Re7 Rb8 52. Kf3 Kf8 53.
Rd7 Re8 54. Rh5 Bc3 55. Rf5+ Kg8 56. Rg5 Rxg5 57. fxg5 Bb4 58. Bxb6 Re1 59. g6
Rd1 60. Be3 Rf1+ 61. Ke2 Rf8 62. Bd4 Re8+ 63. Kd3 Bc5 64. Bf6 1-0

[Event "Pere Noel"]
[Site "Montreal CAN"]
[Date "2023.12.29"]
[Round "3.4"]
[White "Zhang, Chu Hang"]
[Black "Tanaka, Tyler"]
[Result "0-1"]
[WhiteElo "2241"]
[BlackElo "2336"]
[PlyCount "80"]
[EventDate "2023.12.27"]
[EventType "swiss"]
[EventRounds "5"]
[EventCountry "CAN"]

1. e4 c6 2. d4 d5 3. Nc3 dxe4 4. Nxe4 Bf5 5. Ng3 Bg6 6. h4 h6 7. Nf3 Nd7 8. Bd3
Bxd3 9. Qxd3 e6 10. Bd2 Ngf6 11. Ne4 Be7 12. O-O-O Qb6 13. Rhe1 O-O 14. g4 Nxg4
15. Rg1 f5 16. Qc4 c5 17. Bc3 Qc6 18. Nxc5 Nxc5 19. Rxg4 fxg4 20. Ne5 Qa6 21.
dxc5 Qxc4 22. Nxc4 Bxc5 23. Ne5 Bxf2 24. Nxg4 Bxh4 25. Rh1 Bg5+ 26. Kd1 Rf4 27.
Rg1 Raf8 28. Ke2 Re4+ 29. Kd3 Rff4 30. Ne5 Bf6 31. Nd7 Bxc3 32. bxc3 Ra4 33.
Nc5 Rxa2 34. Nxb7 Rf3+ 35. Kd4 Rxc2 36. Nc5 Rcxc3 37. Nxe6 Rfd3+ 38. Ke5 Re3+
39. Kd6 Rxe6+ 40. Kxe6 Rc6+ 0-1

[Event "Pere Noel"]
[Site "Montreal CAN"]
[Date "2023.12.29"]
[Round "3.5"]
[White "Ouellet, Maili-Jade"]
[Black "Saha, Ananda"]
[Result "0-1"]
[WhiteElo "2325"]
[BlackElo "2165"]
[PlyCount "130"]
[EventDate "2023.12.27"]
[EventType "swiss"]
[EventRounds "5"]
[EventCountry "CAN"]

1. d4 e6 2. c4 f5 3. Nf3 Nf6 4. g3 Be7 5. Nc3 O-O 6. Bg2 d6 7. O-O Ne4 8. Nxe4
fxe4 9. Ne1 d5 10. f3 dxc4 11. fxe4 e5 12. e3 Nc6 13. d5 Na5 14. Bd2 b6 15. Bc3
Bd6 16. Qe2 Rxf1+ 17. Qxf1 Qg5 18. Nc2 Ba6 19. Bh3 Rf8 20. Qe2 Nb7 21. Rf1
Rxf1+ 22. Qxf1 Nc5 23. Qf3 g6 24. Ne1 Qe7 25. Bb4 Kg7 26. Bc3 Qf6 27. Bf1 Na4
28. Qd1 b5 29. Bg2 Qg5 30. Kf2 Bc5 31. Qd2 Nxc3 32. bxc3 Qe7 33. Nf3 Bc8 34. h3
a5 35. Qb2 Ba6 36. Bf1 Qd6 37. Ng5 Qf6+ 38. Nf3 h6 39. h4 Bd6 40. g4 g5 41.
hxg5 hxg5 42. Be2 Bc5 43. Qc1 Qf4 44. Bf1 Bc8 45. Bh3 Qxe4 46. Ke2 Bxg4 47.
Bxg4 Qxg4 48. Qg1 Qxg1 49. Nxg1 e4 50. Nh3 Kf6 51. Nf2 Ke5 52. Ng4+ Kxd5 53.
Nf6+ Ke5 54. Nd7+ Kd6 55. Nf6 Ke6 56. Nxe4 Be7 57. Kf3 Bf6 58. Ke2 Kf5 59. Ng3+
Kg4 60. Ne4 Be5 61. Kd2 Kf5 62. Nf2 g4 63. Ke2 g3 64. Nh3 Kg4 65. Ng1 g2 0-1

[Event "Pere Noel"]
[Site "Montreal CAN"]
[Date "2023.12.29"]
[Round "3.7"]
[White "Genzling, Jerome"]
[Black "Guillemette, Hugo"]
[Result "0-1"]
[WhiteElo "2193"]
[BlackElo "2116"]
[PlyCount "100"]
[EventDate "2023.12.27"]
[EventType "swiss"]
[EventRounds "5"]
[EventCountry "CAN"]

1. e4 c5 2. Nf3 e6 3. d4 cxd4 4. Nxd4 Nc6 5. Nc3 Qc7 6. g3 a6 7. Bg2 Nf6 8. O-O
Nxd4 9. Qxd4 Bc5 10. Bf4 d6 11. Qd2 h6 12. Na4 e5 13. Be3 Bxe3 14. Qxe3 Be6 15.
Nb6 Rd8 16. c4 O-O 17. a4 a5 18. h3 Nd7 19. Nd5 Bxd5 20. cxd5 Rc8 21. Rfc1 Qb6
22. Qxb6 Nxb6 23. Bf1 Rxc1 24. Rxc1 Nxa4 25. Ra1 Nc5 26. Rxa5 Nxe4 27. Rb5 Rc8
28. Rxb7 f5 29. Bd3 Rc1+ 30. Kg2 Rd1 31. Bxe4 fxe4 32. Rb5 Kf7 33. h4 h5 34.
Rb4 Rxd5 35. Rxe4 Rb5 36. Re2 Ke6 37. Rc2 d5 38. Kf3 Rb3+ 39. Ke2 d4 40. Kd2
Kd5 41. Kc1 Rb5 42. Rc7 g6 43. Rd7+ Ke4 44. Kc2 Kf3 45. Kd3 Kxf2 46. Rg7 Rb3+
47. Kc2 Rxg3 48. b4 Ke2 49. b5 d3+ 50. Kb2 d2 0-1

[Event "Pere Noel"]
[Site "Montreal CAN"]
[Date "2023.12.29"]
[Round "3.8"]
[White "Lima-Barbosa, Raphael"]
[Black "Nicula, Marius"]
[Result "0-1"]
[WhiteElo "1958"]
[BlackElo "2294"]
[PlyCount "74"]
[EventDate "2023.12.27"]
[EventType "swiss"]
[EventRounds "5"]
[EventCountry "CAN"]

1. c4 g6 2. Nc3 Bg7 3. g3 e5 4. Bg2 Ne7 5. e4 d6 6. Nge2 Be6 7. d3 c6 8. O-O
O-O 9. Bg5 h6 10. Bd2 Na6 11. a3 d5 12. exd5 cxd5 13. b3 Nc5 14. Nc1 a5 15. Qe2
Qd7 16. Rb1 Bg4 17. f3 Bf5 18. b4 axb4 19. axb4 Ne6 20. c5 h5 21. Qd1 Nd4 22.
Be1 Ra3 23. N3e2 Nxe2+ 24. Qxe2 Qb5 25. Rf2 Nc6 26. g4 hxg4 27. fxg4 Be6 28.
Bf1 Nd4 29. Qb2 Rfa8 30. h3 e4 31. dxe4 Qd7 32. Qd2 dxe4 33. Rf4 Bh6 34. Qh2
Bxf4 35. Qxf4 Nf3+ 36. Kf2 Qd4+ 37. Ke2 Bc4+ 0-1

[Event "Pere Noel"]
[Site "Montreal CAN"]
[Date "2023.12.29"]
[Round "3.9"]
[White "Hrivnak, Vladimir"]
[Black "Charaf, Bassel"]
[Result "1-0"]
[WhiteElo "2166"]
[BlackElo "2028"]
[PlyCount "90"]
[EventDate "2023.12.27"]
[EventType "swiss"]
[EventRounds "5"]
[EventCountry "CAN"]

1. d4 d5 2. Bf4 Bf5 3. Nf3 c5 4. dxc5 Qa5+ 5. Nc3 Nf6 6. Nd4 e6 7. Nb3 Qd8 8.
Nb5 Na6 9. f3 Be7 10. Nd6+ Bxd6 11. Bxd6 Nb4 12. Nd4 Qd7 13. c3 Nc6 14. g4 Bg6
15. g5 Ng8 16. h4 h6 17. h5 hxg5 18. Qd2 Rxh5 19. Rxh5 Bxh5 20. Qxg5 Bg6 21.
Nb5 Rc8 22. Qg3 Nge7 23. Bh3 a6 24. Nc7+ Kf8 25. Nxd5 Qe8 26. Nf4 Kg8 27. O-O-O
Nf5 28. Bxf5 exf5 29. Rh1 Qe3+ 30. Kb1 Ne5 31. Qh2 f6 32. Bxe5 Qxe5 33. Nxg6
Qxc5 34. Nf4 Rc6 35. Qh8+ Kf7 36. Qh5+ Ke7 37. Qg6 Kd8 38. Qxg7 Qe7 39. Qxe7+
Kxe7 40. Rh7+ Kd6 41. Rxb7 Kc5 42. Kc2 Rd6 43. Rc7+ Kb6 44. Rc4 Kb5 45. Rd4 Rc6
1-0

[Event "Pere Noel"]
[Site "Montreal CAN"]
[Date "2023.12.29"]
[Round "3.10"]
[White "Adam, Rafael"]
[Black "Brassard, Sylvain"]
[Result "1-0"]
[WhiteElo "2160"]
[BlackElo "1769"]
[PlyCount "39"]
[EventDate "2023.12.27"]
[EventType "swiss"]
[EventRounds "5"]
[EventCountry "CAN"]

1. Nf3 d5 2. g3 Nf6 3. Bg2 Bf5 4. O-O e6 5. d3 h6 6. c4 c6 7. Qb3 Qb6 8. Qc2
Be7 9. cxd5 exd5 10. Nc3 O-O 11. e4 dxe4 12. dxe4 Bh7 13. Qe2 Rd8 14. Ne5 Qa6
15. Qc4 Qxc4 16. Nxc4 Bb4 17. e5 Bxc3 18. bxc3 Bd3 19. Rd1 Na6 20. Nb2 1-0

[Event "Pere Noel"]
[Site "Montreal CAN"]
[Date "2023.12.29"]
[Round "3.11"]
[White "Li, Yi Lin"]
[Black "Deboosere, Adam"]
[Result "0-1"]
[WhiteElo "2111"]
[BlackElo "1907"]
[PlyCount "96"]
[EventDate "2023.12.27"]
[EventType "swiss"]
[EventRounds "5"]
[EventCountry "CAN"]

1. e4 c6 2. d4 d5 3. exd5 cxd5 4. Bd3 Nc6 5. c3 Nf6 6. h3 g6 7. Qc2 Bg7 8. Nf3
Qc7 9. O-O O-O 10. Re1 Re8 11. Ne5 Nxe5 12. dxe5 Nd7 13. f4 Nc5 14. g4 f6 15.
exf6 Bxf6 16. Qg2 Rd8 17. Bc2 d4 18. b4 d3 19. Bd1 d2 20. Bxd2 Nd3 21. Bb3+ Kh8
22. Rf1 Nxb4 23. Na3 Nd3 24. Nc2 Bxc3 25. Rad1 Bd7 26. Be3 Nc5 27. Bd5 Bb5 28.
Rf2 e6 29. Bf3 Nd3 30. Rff1 Nxf4 31. Rxd8+ Rxd8 32. Bxf4 Qxf4 33. Be2 Qe5 34.
Bxb5 Qxb5 35. Rf2 Rd1+ 36. Rf1 Rxf1+ 37. Qxf1 Qxf1+ 38. Kxf1 Kg7 39. Na3 e5 40.
Ke2 Kf6 41. Kf3 Kg5 42. Nb5 Bd4 43. Nd6 b6 44. Ne4+ Kh6 45. a4 Kg7 46. Nd6 Kf6
47. Ne4+ Ke7 48. g5 Kf7 0-1

[Event "Pere Noel"]
[Site "Montreal CAN"]
[Date "2023.12.29"]
[Round "3.12"]
[White "Guillemette, Thomas"]
[Black "Kot, Emanuel"]
[Result "0-1"]
[WhiteElo "1888"]
[BlackElo "2095"]
[PlyCount "66"]
[EventDate "2023.12.27"]
[EventType "swiss"]
[EventRounds "5"]
[EventCountry "CAN"]

1. e4 e5 2. Nf3 Nc6 3. Bc4 Bc5 4. c3 Nf6 5. d4 exd4 6. e5 d5 7. Bb5 Ne4 8. cxd4
Bb6 9. Nc3 O-O 10. Be3 Bg4 11. Be2 Ne7 12. Qc2 Bf5 13. Bd3 Nc6 14. Bxe4 dxe4
15. Nxe4 Ba5+ 16. Kf1 Bg6 17. h4 Qd5 18. Nfg5 Nb4 19. Qc5 Bxe4 20. Nxe4 Qxe4
21. Qxa5 Qd3+ 22. Kg1 Nc2 23. Rc1 Nxe3 24. Rh3 b6 25. Qa4 Qd2 26. Rxc7 Qe1+ 27.
Kh2 Nf1+ 28. Kg1 Ng3+ 29. Kh2 Ne2 30. Re3 Qg1+ 31. Kh3 Qh1+ 32. Kg4 Qxg2+ 33.
Kf5 Qg6# 0-1

[Event "Pere Noel"]
[Site "Montreal CAN"]
[Date "2023.12.29"]
[Round "3.13"]
[White "Wang, Derek"]
[Black "Avarian, Aram Sevag"]
[Result "1-0"]
[WhiteElo "2066"]
[BlackElo "1896"]
[PlyCount "83"]
[EventDate "2023.12.27"]
[EventType "swiss"]
[EventRounds "5"]
[EventCountry "CAN"]

1. d4 Nf6 2. Nc3 d5 3. Bf4 g6 4. Qd2 Bg7 5. O-O-O c6 6. f3 Bf5 7. Qe1 O-O 8. e4
dxe4 9. fxe4 Be6 10. Nf3 Qa5 11. Kb1 Rd8 12. h3 h6 13. Bd3 b5 14. d5 cxd5 15.
exd5 Nxd5 16. Nxd5 Qxe1 17. Nxe7+ Kf8 18. Rhxe1 Kxe7 19. Be4 Nd7 20. Bxa8 Rxa8
21. Nd4 Bxd4 22. Rxd4 h5 23. a4 a6 24. axb5 axb5 25. Rb4 Ra5 26. Bc7 Ra7 27.
Bf4 Ra5 28. Bd2 Kd8 29. Rb3 Ra8 30. Rxb5 Ba2+ 31. Kc1 Bd5 32. Ba5+ Rxa5 33.
Rxa5 Bxg2 34. h4 Bh3 35. b4 Bg4 36. b5 Nb6 37. Ra6 Nc4 38. Ra8+ Kd7 39. Ra7+
Kd6 40. Rxf7 Kc5 41. Rf6 Bf5 42. b6 1-0

[Event "Pere Noel"]
[Site "Montreal CAN"]
[Date "2023.12.29"]
[Round "3.14"]
[White "Di Matteo, Alessio"]
[Black "Bouchard, Jean-Marc"]
[Result "1-0"]
[WhiteElo "2035"]
[BlackElo "1884"]
[PlyCount "94"]
[EventDate "2023.12.27"]
[EventType "swiss"]
[EventRounds "5"]
[EventCountry "CAN"]

1. d4 d5 2. c4 e6 3. Nc3 f5 4. g3 Nf6 5. Bg2 c6 6. Nh3 Be7 7. O-O O-O 8. b3 Ne4
9. Qc2 Nxc3 10. Qxc3 Nd7 11. Nf4 Nf6 12. Bb2 Qe8 13. Nd3 Qh5 14. Ne5 Ng4 15.
Nxg4 Qxg4 16. f3 Qg6 17. e4 Qf7 18. a4 Bd7 19. e5 f4 20. Qc2 Qf5 21. Qxf5 exf5
22. gxf4 Be6 23. c5 a5 24. Bc3 Rfb8 25. Rfb1 b6 26. cxb6 Rxb6 27. Ra2 Bb4 28.
Rc2 Bd7 29. Kf2 Bxc3 30. Rxc3 Rb4 31. Ke3 Rab8 32. Bf1 Rxa4 33. bxa4 Rxb1 34.
Bd3 Rb8 35. Rc5 Ra8 36. e6 Bxe6 37. Rxc6 Bd7 38. Rc5 Bxa4 39. Bxf5 Kf7 40. Rxd5
g6 41. Be4 Ra7 42. Rc5 Bd7 43. Bd5+ Ke7 44. Ba2 Kd6 45. h4 a4 46. h5 gxh5 47.
Rxh5 a3 1-0

[Event "Pere Noel"]
[Site "Montreal CAN"]
[Date "2023.12.29"]
[Round "3.15"]
[White "Hu, Raymond"]
[Black "Robichaud, Louis"]
[Result "0-1"]
[WhiteElo "1750"]
[BlackElo "2030"]
[PlyCount "96"]
[EventDate "2023.12.27"]
[EventType "swiss"]
[EventRounds "5"]
[EventCountry "CAN"]

1. e4 e5 2. Nf3 Nc6 3. Bb5 a6 4. Ba4 Nf6 5. O-O Nxe4 6. Re1 Nc5 7. Bxc6 dxc6 8.
Nxe5 Be6 9. d4 Nd7 10. Bf4 Be7 11. Nd2 Nxe5 12. Bxe5 O-O 13. Ne4 b6 14. c3 f6
15. Bg3 Bf7 16. f4 Qd7 17. h4 Qf5 18. Bh2 h5 19. Ng3 Qd7 20. Nxh5 Rfe8 21. Ng3
Bd6 22. Qf3 Bd5 23. Qf1 Qg4 24. Nh1 Qxh4 25. c4 Bf7 26. Bg3 Qg4 27. Kh2 Qh5+
28. Kg1 Bb4 29. Rxe8+ Rxe8 30. a3 Bd2 31. Rd1 Be3+ 32. Nf2 Rd8 33. Re1 Bxd4 34.
b3 Qg4 35. Kh2 Qh5+ 36. Nh3 Bc5 37. b4 Bf8 38. f5 Bd6 39. Re4 Bxg3+ 40. Kxg3
Rd2 41. Rh4 Qe2 42. Qxe2 Rxe2 43. a4 Re5 44. Rf4 Re3+ 45. Kf2 Ra3 46. b5 Rxa4
47. bxa6 Rxa6 48. Ke3 Ra3+ 0-1

[Event "Pere Noel"]
[Site "Montreal CAN"]
[Date "2023.12.29"]
[Round "3.17"]
[White "Presseau, Mateo"]
[Black "Jiang, Barron Jiyu"]
[Result "0-1"]
[WhiteElo "1474"]
[BlackElo "1971"]
[PlyCount "126"]
[EventDate "2023.12.27"]
[EventType "swiss"]
[EventRounds "5"]
[EventCountry "CAN"]

1. e4 c5 2. Nf3 a6 3. c3 d5 4. exd5 Qxd5 5. d4 Nc6 6. Bd3 Bg4 7. Be2 Nf6 8. Be3
cxd4 9. cxd4 e6 10. Nc3 Qd6 11. O-O Be7 12. Qd2 Nd5 13. Rac1 O-O 14. Ne4 Qb4
15. Qxb4 Ncxb4 16. a3 Nxe3 17. fxe3 Nd5 18. Kf2 Rac8 19. Bc4 b5 20. Bxd5 exd5
21. Nc5 Bxf3 22. gxf3 a5 23. b4 Ra8 24. Ra1 Rfc8 25. Ke2 Rc7 26. Rfd1 f5 27.
Kd2 Rca7 28. bxa5 Rxa5 29. Rdb1 Rxa3 30. Rxa3 Rxa3 31. Rxb5 Ra2+ 32. Kd3 Rxh2
33. Ne6 Rf2 34. f4 h5 35. Nc7 h4 36. Nxd5 Bd6 37. Rb1 h3 38. Rh1 h2 39. Nc3 g5
40. fxg5 Rg2 41. Ne2 Kf7 42. Nf4 Rf2 43. Kc4 Rf3 44. Kd5 Bxf4 45. exf4 Rxf4 46.
Rxh2 Kg6 47. Rg2 Rg4 48. Rf2 Kxg5 49. Ke5 Re4+ 50. Kd5 Kg4 51. Rg2+ Kf3 52. Rg5
f4 53. Re5 Re3 54. Kc4 Ke2 55. Rf5 f3 56. d5 f2 57. d6 Rf3 58. Re5+ Kd2 59.
Rd5+ Kc2 60. d7 f1=Q+ 61. Kc5 Rc3+ 62. Kb6 Qf6+ 63. Kb7 Qd8 0-1

[Event "Pere Noel"]
[Site "Montreal CAN"]
[Date "2023.12.29"]
[Round "3.18"]
[White "Gagnon, Serge"]
[Black "Nardone, Raul"]
[Result "1-0"]
[WhiteElo "1945"]
[BlackElo "1761"]
[PlyCount "95"]
[EventDate "2023.12.27"]
[EventType "swiss"]
[EventRounds "5"]
[EventCountry "CAN"]

1. d4 f5 2. c4 Nf6 3. Nc3 g6 4. Bf4 d6 5. Nf3 Bg7 6. Qc2 O-O 7. O-O-O Na6 8. e3
c6 9. h4 Nh5 10. Be2 Qe8 11. Bh2 Kh8 12. Ng5 Nf6 13. Bf3 h6 14. Nh3 Be6 15. Qe2
Rc8 16. Kb1 Nc7 17. Nf4 Bf7 18. g4 e5 19. Nh3 fxg4 20. Bxg4 Nxg4 21. Qxg4 Be6
22. Qg2 exd4 23. exd4 Bf5+ 24. Ka1 Bxh3 25. Qxh3 Rxf2 26. Bxd6 Na6 27. Rhe1 Qg8
28. Re7 Rcf8 29. Qd3 R2f7 30. Qxg6 Rxe7 31. Bxe7 Rf7 32. Bd6 Rf6 33. Qg3 Rf7
34. Rg1 Qe8 35. Qg4 Bf6 36. a3 Rg7 37. Qd1 Rxg1 38. Qxg1 Qg8 39. Qe3 Kh7 40.
Ne2 Qxc4 41. Qe4+ Kh8 42. h5 Qf7 43. Nf4 Kg7 44. Ng6 Qc4 45. Bf8+ Kg8 46. Bxh6
Qf1+ 47. Ka2 Qc4+ 48. b3 1-0

[Event "Pere Noel"]
[Site "Montreal CAN"]
[Date "2023.12.29"]
[Round "3.19"]
[White "Ramos, Michelle"]
[Black "Gueorguiev, Valentin"]
[Result "0-1"]
[WhiteElo "1702"]
[BlackElo "1944"]
[PlyCount "90"]
[EventDate "2023.12.27"]
[EventType "swiss"]
[EventRounds "5"]
[EventCountry "CAN"]

1. e4 c5 2. c3 d5 3. exd5 Qxd5 4. d4 Nf6 5. Nf3 g6 6. Be3 Ng4 7. Bd3 Nxe3 8.
fxe3 Bg7 9. O-O O-O 10. Nbd2 Nc6 11. e4 Qd8 12. d5 Bg4 13. Qc2 Bxf3 14. Nxf3
Ne5 15. Nxe5 Bxe5 16. h3 Qd6 17. Rab1 c4 18. Be2 Rfc8 19. Kh1 Qc5 20. b3 cxb3
21. Rxb3 b6 22. Rc1 Qf2 23. c4 Qf4 24. g3 Qh6 25. Bg4 Rc5 26. Kg2 Qg5 27. Rf1
h5 28. Bd7 Rd8 29. Bb5 Rd6 30. Qe2 h4 31. g4 Rf6 32. Rxf6 Qxf6 33. Rf3 Bf4 34.
Qc2 g5 35. Qc3 Qd6 36. Rf1 a6 37. Bxa6 Ra5 38. Bb5 Rxa2+ 39. Rf2 Ra3 40. Qc2
Rg3+ 41. Kf1 Rxh3 42. Rg2 Rh1+ 43. Rg1 Rh3 44. Qg2 Qa3 45. Qc2 Qf3+ 0-1

[Event "Pere Noel"]
[Site "Montreal CAN"]
[Date "2023.12.29"]
[Round "3.20"]
[White "Morteza, Arian"]
[Black "Jutras, Arnaud"]
[Result "1-0"]
[WhiteElo "1944"]
[BlackElo "1639"]
[PlyCount "149"]
[EventDate "2023.12.27"]
[EventType "swiss"]
[EventRounds "5"]
[EventCountry "CAN"]

1. d4 d5 2. c4 c6 3. Nc3 Nf6 4. Nf3 a6 5. e3 e6 6. Bd3 dxc4 7. Bxc4 b5 8. Bd3
c5 9. a3 Bb7 10. dxc5 Bxc5 11. b4 Be7 12. Bb2 O-O 13. e4 Nc6 14. O-O Rc8 15.
Rc1 Rc7 16. Qe2 Rd7 17. Bb1 Qb6 18. Rcd1 Rfd8 19. Rxd7 Rxd7 20. e5 Nd5 21. Qc2
g6 22. Rd1 Qd8 23. Ne4 Nb6 24. Rxd7 Qxd7 25. Nfd2 Qd5 26. h3 h5 27. f3 Nd7 28.
f4 h4 29. Bc3 Nb6 30. Ba2 Qd8 31. Nf3 Nd5 32. Bd2 Qb6+ 33. Kh2 Nd4 34. Qd3
Nxf3+ 35. Qxf3 Qd4 36. Bb1 a5 37. bxa5 Nc7 38. Qd3 Qxd3 39. Bxd3 Bxa3 40. Nd6
Ba6 41. Be3 b4 42. Bc2 Nb5 43. Ne4 Nc3 44. Nc5 b3 45. Bxb3 Bxc5 46. Bxc5 Nd5
47. Bxd5 exd5 48. Be7 d4 49. Bxh4 d3 50. Be1 Kf8 51. g4 Ke7 52. Kg3 Ke6 53. Kf3
Kd5 54. Ke3 Kc4 55. h4 Bc8 56. h5 gxh5 57. gxh5 Kb5 58. Kxd3 Bf5+ 59. Kd4 Kc6
60. Bb4 Kb5 61. Bd2 Kc6 62. Kc4 Be6+ 63. Kd4 Bf5 64. h6 Bc2 65. Be1 Bf5 66. Bh4
Kc7 67. Kc5 Bd3 68. Kd5 Bf5 69. Be7 Kd7 70. Bc5 Bd3 71. a6 Kc7 72. e6 fxe6+ 73.
Kxe6 Bh7 74. a7 Kb7 75. f5 1-0

[Event "Pere Noel"]
[Site "Montreal CAN"]
[Date "2023.12.29"]
[Round "3.22"]
[White "Gagnon, Gabriel"]
[Black "Turcotte, Jonathan"]
[Result "0-1"]
[WhiteElo "1810"]
[BlackElo "2041"]
[PlyCount "72"]
[EventDate "2023.12.27"]
[EventType "swiss"]
[EventRounds "5"]
[EventCountry "CAN"]

1. e4 c6 2. d4 d5 3. exd5 cxd5 4. Bd3 Nc6 5. c3 Qc7 6. Qb3 Nxd4 7. Qxd5 e5 8.
f4 Bd6 9. fxe5 Bxe5 10. Nf3 Be6 11. Qe4 Nf6 12. Qh4 Nxf3+ 13. gxf3 O-O-O 14.
Be2 Nd5 15. Qc4 Nf4 16. Qxc7+ Kxc7 17. Bxf4 Bxf4 18. O-O Bh3 19. Re1 Be3+ 20.
Kh1 Bf2 21. Rc1 Be3 22. Re1 Bf2 23. Rc1 Rhe8 24. Bf1 Bf5 25. Na3 a6 26. Rd1 b5
27. Kg2 Be3 28. b4 Bd2 29. Kf2 Re6 30. Bxb5 axb5 31. Nxb5+ Kb6 32. a4 Bc2 33.
Rf1 Bd3 34. Rfd1 Re2+ 35. Kg3 g5 36. h3 Bf4+ 0-1

[Event "Pere Noel"]
[Site "Montreal CAN"]
[Date "2023.12.29"]
[Round "3.23"]
[White "Vezeau, Jonathan"]
[Black "Forget, Luc"]
[Result "1-0"]
[WhiteElo "2007"]
[BlackElo "1782"]
[PlyCount "131"]
[EventDate "2023.12.27"]
[EventType "swiss"]
[EventRounds "5"]
[EventCountry "CAN"]

1. d4 Nf6 2. c4 e6 3. Nf3 b6 4. g3 Ba6 5. b3 Bb7 6. Bg2 Be7 7. O-O O-O 8. Bb2
d6 9. Nc3 Nbd7 10. Re1 Ne4 11. Qc2 f5 12. Nd2 d5 13. e3 Ndf6 14. Rad1 c6 15. a3
Bd6 16. f3 Nxc3 17. Qxc3 a5 18. e4 Be7 19. cxd5 cxd5 20. e5 Ne8 21. a4 Rf7 22.
f4 Qd7 23. Bf1 Ba6 24. Bxa6 Rxa6 25. Qd3 Ra7 26. Nb1 Bd8 27. Rc1 g5 28. Kh1 g4
29. Na3 Nc7 30. Re2 Na6 31. Nb5 Nb4 32. Qd1 Ra8 33. Ba3 h5 34. Bxb4 axb4 35.
Rcc2 h4 36. Qc1 Rh7 37. Kg1 hxg3 38. hxg3 Rh3 39. Rg2 Qh7 40. Kf2 Rh1 41. Qd2
Bh4 42. Ke3 Rh3 43. Qf2 Qh6 44. Kd2 Bxg3 45. Rxg3 Rh2 46. Rg2 Rxg2 47. Qxg2
Qxf4+ 48. Kd1 Kg7 49. Qh1 Kg6 50. Rc7 Qf3+ 51. Qxf3 gxf3 52. Kd2 Rh8 53. Ke3
Rh3 54. Re7 f2+ 55. Kxf2 Rxb3 56. Rxe6+ Kg5 57. Rc6 Kf4 58. Rc2 Rf3+ 59. Ke1
Ke4 60. Re2+ Kd3 61. e6 Rh3 62. Kd1 b3 63. e7 Rh1+ 64. Re1 Rxe1+ 65. Kxe1 b2
66. Na3 1-0

[Event "Pere Noel"]
[Site "Montreal CAN"]
[Date "2023.12.29"]
[Round "3.24"]
[White "Bernales Garcia, Oscar"]
[Black "Chaurette, Laurent"]
[Result "1/2-1/2"]
[WhiteElo "1766"]
[BlackElo "1941"]
[PlyCount "120"]
[EventDate "2023.12.27"]
[EventType "swiss"]
[EventRounds "5"]
[EventCountry "CAN"]

1. c4 c6 2. Nc3 d5 3. cxd5 cxd5 4. d4 Nf6 5. g3 Bf5 6. Bg2 e6 7. a3 Bd6 8. Nf3
h6 9. O-O a6 10. b4 b5 11. Bb2 Nc6 12. e3 Nd7 13. Nh4 Bh7 14. e4 dxe4 15. Nxe4
Be7 16. d5 exd5 17. Qxd5 Nde5 18. Rad1 Qxd5 19. Rxd5 f6 20. Nd6+ Kf8 21. Bxe5
Nxe5 22. Ndf5 Re8 23. Nxe7 Kxe7 24. Re1 Kf8 25. f4 Nc4 26. Rxe8+ Kxe8 27. Rc5
Kd7 28. f5 Rc8 29. Rd5+ Nd6 30. Rd3 Rc1+ 31. Kf2 Kc7 32. g4 Nc4 33. Bd5 Ne5 34.
Rg3 Kd6 35. Be6 Rc2+ 36. Kg1 Rc1+ 37. Kf2 Rc2+ 38. Kg1 Rc1+ 39. Kg2 Rd1 40. h3
Nd3 41. Kf3 Re1 42. Ng2 Re5 43. Nf4 Nxf4 44. Kxf4 g6 45. Rd3+ Kc6 46. Rd7 Bg8
47. Ra7 Kb6 48. Rg7 g5+ 49. Kf3 Bxe6 50. fxe6 Rxe6 51. Rg6 a5 52. Rxh6 axb4 53.
axb4 Kc7 54. Rh7+ Kc6 55. Rh8 Kb6 56. Rd8 Kc6 57. Rc8+ Kd6 58. Rb8 Kc6 59. Rc8+
Kd6 60. Rb8 Kc6 1/2-1/2

[Event "Pere Noel"]
[Site "Montreal CAN"]
[Date "2023.12.29"]
[Round "3.25"]
[White "Li, James"]
[Black "Berube, Maximilien"]
[Result "1/2-1/2"]
[WhiteElo "1516"]
[BlackElo "1921"]
[PlyCount "82"]
[EventDate "2023.12.27"]
[EventType "swiss"]
[EventRounds "5"]
[EventCountry "CAN"]

1. d4 Nf6 2. c4 e6 3. Nc3 Bb4 4. Qc2 O-O 5. a3 Bxc3+ 6. Qxc3 b6 7. Bg5 Bb7 8.
f3 h6 9. Bh4 d5 10. e3 Nbd7 11. cxd5 exd5 12. Bd3 Re8 13. Bf2 Rc8 14. Ne2 c5
15. O-O cxd4 16. Qxd4 Ne5 17. Rac1 Nxd3 18. Qxd3 Nd7 19. Rxc8 Qxc8 20. Rc1 Nc5
21. Qd1 Qd7 22. b4 Ne6 23. Rc3 Ba6 24. Nd4 Nxd4 25. Qxd4 Rc8 26. h4 Rxc3 27.
Qxc3 Qb5 28. Qc2 Qf1+ 29. Kh2 Bc4 30. e4 Qa1 31. exd5 Qe5+ 32. Bg3 Qxd5 33. Qc3
b5 34. Qe5 Qxe5 35. Bxe5 f6 36. Bd4 a6 37. Kg3 Kf7 38. Kf4 g5+ 39. hxg5 hxg5+
40. Kf5 Bf1 41. Bxf6 Bxg2 1/2-1/2

[Event "Pere Noel"]
[Site "Montreal CAN"]
[Date "2023.12.29"]
[Round "3.26"]
[White "Kozlov, Guennadi"]
[Black "Auersperg, Leo"]
[Result "0-1"]
[WhiteElo "1849"]
[BlackElo "1694"]
[PlyCount "92"]
[EventDate "2023.12.27"]
[EventType "swiss"]
[EventRounds "5"]
[EventCountry "CAN"]

1. e4 c6 2. d4 d5 3. e5 Bf5 4. Nf3 e6 5. Bd3 Bxd3 6. Qxd3 Qa5+ 7. c3 Qa6 8.
Qxa6 Nxa6 9. O-O h5 10. b4 Nh6 11. a4 Nc7 12. Na3 b6 13. Nd2 Nf5 14. Nb3 f6 15.
exf6 gxf6 16. Bf4 Bd6 17. Bxd6 Nxd6 18. Rfe1 Kf7 19. a5 Ncb5 20. Nxb5 Nxb5 21.
Re3 Nc7 22. Rae1 Rhg8 23. Rh3 Rg5 24. Rh4 Rag8 25. g3 Nb5 26. Re3 Nd6 27. Rf4
Nf5 28. Re2 h4 29. axb6 hxg3 30. fxg3 axb6 31. Ra2 e5 32. dxe5 fxe5 33. Rff2
Ke6 34. Ra6 Rb8 35. Re2 Rg4 36. Kf2 Rc4 37. Rc2 d4 38. Nd2 Rxc3 39. Rxc3 dxc3
40. Ne4 c2 41. Ra1 Nd4 42. Rc1 Rf8+ 43. Ke1 Kd5 44. Nd2 e4 45. Nf1 Kc4 46. Ne3+
Kd3 0-1